| 000 | 00676nam a2200193 u 4500 | ||
|---|---|---|---|
| 001 | 000599297 | ||
| 003 | AM-YeHGA | ||
| 005 | 20250617141858.0 | ||
| 008 | 080913s1959 ||| r 000 0 rus d | ||
| 040 | _aAM-YeHGA | ||
| 041 | 0 | _arus | |
| 100 | 1 | _aДробот, Галина Васильевна | |
| 245 | 1 | 0 |
_aОтвет : _bРассказы / _cГалина Дробот. |
| 260 |
_aМосква : _bВоениздат м-ва обороны СССР, _c1959. |
||
| 300 |
_a48 с. : _bпортр., ил. |
||
| 440 | 0 |
_aБ-ка журнала "Советский воин" _v20(375) |
|
| 653 | 0 | _aРусская советская литература | |
| 090 | _c248660 | ||
| 999 |
_c247071 _d247071 |
||